Practical Pharmaceutical Chemistry (Record no. 11061)

MARC details
000 -LEADER
fixed length control field 00469nam a22001817a 4500
003 - CONTROL NUMBER IDENTIFIER
control field OSt
008 - FIXED-LENGTH DATA ELEMENTS--GENERAL INFORMATION
fixed length control field 220115b ||||| |||| 00| 0 eng d
020 ## - INTERNATIONAL STANDARD BOOK NUMBER
International Standard Book Number 978-93-85529-16-0
082 ## - DEWEY DECIMAL CLASSIFICATION NUMBER
Classification number 615.19 SIP
100 ## - MAIN ENTRY--PERSONAL NAME
Personal name SINGH,Harkishan
245 ## - TITLE STATEMENT
Title Practical Pharmaceutical Chemistry
250 ## - EDITION STATEMENT
Edition statement Rep
260 ## - PUBLICATION, DISTRIBUTION, ETC. (IMPRINT)
Place of publication, distribution, etc Delhi
Name of publisher, distributor, etc Vallabh Prakashan
Date of publication, distribution, etc 2021
300 ## - PHYSICAL DESCRIPTION
Extent 208
650 ## - SUBJECT ADDED ENTRY--TOPICAL TERM
Topical term or geographic name as entry element Pharmaceutical Analysis and Quality Assurance
700 ## - ADDED ENTRY--PERSONAL NAME
Personal name Kapoor,V.K.
942 ## - ADDED ENTRY ELEMENTS (KOHA)
Source of classification or shelving scheme Dewey Decimal Classification
Koha item type Text Books
Holdings
Withdrawn status Lost status Source of classification or shelving scheme Damaged status Not for loan Collection code Home library Current library Date acquired Source of acquisition Currency Cost, normal purchase price Bill Number Total Checkouts Full call number Acc. no. / Barcode Date last seen Date last borrowed Actual Cost, discounted price Bill Date Koha item type Checked out
    Dewey Decimal Classification     Diploma in Pharmacy PIET C-LIBRARY PIET C-LIBRARY 12/01/2022 Kirthi Prakashan Indian Rup 160.00 IN3269 5 615.19 SIP DP977 22/12/2025 10/10/2025 131.20 11/01/2022 Text Books  
    Dewey Decimal Classification     Diploma in Pharmacy PIET C-LIBRARY PIET C-LIBRARY 12/01/2022 Kirthi Prakashan Indian Rup 160.00 IN3269 5 615.19 SIP DP978 11/05/2026 11/05/2026 131.20 11/01/2022 Text Books 27/11/2026
    Dewey Decimal Classification     Diploma in Pharmacy PIET C-LIBRARY PIET C-LIBRARY 12/01/2022 Kirthi Prakashan Indian Rup 160.00 IN3269   615.19 SIP DP979 15/01/2022   131.20 11/01/2022 Reference Books  

Design & Developed by: PIET Central Library
R70 Miles Stone Pattikalyana Samalkha Panipat 132102
mail ID :- [email protected], Phone No:- 0180-2569700 Ex.216